[Event "BW 2018 Senioren"]
[Site "Bad Woerishofen"]
[Date "2018.03.03"]
[Round "9.43"]
[White "Koch, Dieter"]
[Black "Titz, Waldemar"]
[Result "1-0"]
[WhiteElo "1725"]
[BlackElo "1770"]
[Annotator "chessorg"]
[PlyCount "87"]
[EventDate "2018.??.??"]
[WhiteTeam "SC Ammersee"]
[BlackTeam "SV Rottweil"]

1. d4 Nf6 2. e3 d5 3. Bd3 e6 4. Nd2 Be7 5. f4 Nbd7 6. Qf3 c5 7. c3 b6 8. Nh3 h6
9. a4 Bb7 10. Nf2 Qc7 11. O-O O-O-O 12. Qe2 c4 13. Bc2 Bd6 14. Nf3 Rdf8 15. Ne5
a5 16. Bd2 Ne4 17. Nxe4 dxe4 18. Nxc4 g5 19. Nxd6+ Qxd6 20. c4 gxf4 21. Rxf4 f5
22. c5 bxc5 23. dxc5 Nxc5 24. Rc1 Ba6 25. Qe1 e5 26. Rf2 Kb8 27. Bxa5 f4 28.
Rd2 Qf6 29. Rf2 Qc6 30. Qb4+ Nb7 31. Qxe4 Qxe4 32. Bxe4 fxe3 33. Rxf8+ Rxf8 34.
Bc7+ Ka7 35. Bxe5 e2 36. Bf3 Re8 37. Bd4+ Ka8 38. Re1 Rd8 39. Bc3 Ka7 40. Bxe2
Re8 41. Kf2 Rf8+ 42. Bf3 Nc5 43. Bd4 Rc8 44. b4 1-0

[Event "Schachfestival 2018"]
[Site "Bad Woerishofen"]
[Date "2018.03.03"]
[Round "9.44"]
[White "Matzat, Andre"]
[Black "Riegler, Dieter"]
[Result "1-0"]
[WhiteElo "2053"]
[BlackElo "1999"]
[Annotator "chessorg"]
[PlyCount "93"]
[EventDate "2018.??.??"]
[WhiteTeam "Oberhausener SV 1887 e.V."]
[BlackTeam "SF Heidelberg"]

1. d4 Nf6 2. Bg5 Ne4 3. Bf4 c5 4. f3 Qa5+ 5. c3 Nf6 6. d5 Qb6 7. Bc1 d6 8. e4
Nbd7 9. c4 g6 10. Ne2 Bg7 11. Nec3 Qc7 12. Be2 a6 13. a4 b6 14. O-O O-O 15. Na3
e5 16. Qe1 Nh5 17. g3 Ndf6 18. Kh1 Kh8 19. Nc2 Bd7 20. Bg5 h6 21. Be3 Qd8 22.
Qd2 Ng8 23. b4 a5 24. bxc5 bxc5 25. Na3 f5 26. Nab5 f4 27. Bf2 Bh3 28. Rfb1
fxg3 29. hxg3 Bf6 30. Kh2 Bc8 31. Kg2 Bg5 32. Be3 Bxe3 33. Qxe3 Kg7 34. Rh1
Ngf6 35. Rag1 g5 36. Qc1 Kg6 37. Kf1 Ng7 38. Ke1 Rh8 39. g4 Nd7 40. Nd1 Ne8 41.
Ne3 Nf8 42. Rh2 Ng7 43. Rgh1 Qf6 44. Nf5 Nxf5 45. exf5+ Kg7 46. Nc7 Rb8 47.
Ne8+ 1-0

[Event "BW 2018 Senioren"]
[Site "Bad Woerishofen"]
[Date "2018.03.03"]
[Round "9.46"]
[White "Hertkorn, Dieter"]
[Black "Schnell, Franz"]
[Result "0-1"]
[WhiteElo "1547"]
[BlackElo "1733"]
[Annotator "chessorg"]
[PlyCount "82"]
[EventDate "2018.??.??"]
[WhiteTeam "Kein Verein"]
[BlackTeam "SV Trossingen"]

1. e4 d5 2. exd5 Nf6 3. d4 Nxd5 4. c4 Nf6 5. Nc3 Bf5 6. Nf3 c6 7. Bd3 Bg4 8.
Be2 e6 9. O-O Bd6 10. Bg5 Nbd7 11. Ne4 Be7 12. Nxf6+ Bxf6 13. Be3 O-O 14. Qd2
h6 15. a4 Nb6 16. b3 a5 17. Rad1 Qc7 18. c5 Nd5 19. h3 Bf5 20. Bd3 Rfe8 21.
Bxf5 exf5 22. g3 Re4 23. Rfe1 Rae8 24. Kg2 g5 25. Nh2 f4 26. Ng4 Bg7 27. Kf3
fxe3 28. Rxe3 Nxe3 29. fxe3 f5 30. Nf2 Rxe3+ 31. Qxe3 Rxe3+ 32. Kxe3 Qxg3+ 33.
Ke2 Qxb3 34. d5 cxd5 35. Rd3 Qc4 36. Nd1 Qxc5 37. Ne3 d4 38. Nd1 Qc2+ 39. Rd2
Qxa4 40. Nb2 Qb5+ 41. Nd3 Qd5 0-1

[Event "BW 2018 Senioren"]
[Site "Bad Woerishofen"]
[Date "2018.03.03"]
[Round "9.48"]
[White "Straesser, Gerda"]
[Black "Schuessler, Thomas G"]
[Result "1/2-1/2"]
[WhiteElo "1658"]
[BlackElo "1811"]
[Annotator "chessorg"]
[PlyCount "52"]
[EventDate "2018.??.??"]
[WhiteTeam "SV Rottweil"]
[BlackTeam "SC 1926 Wiesloch"]

1. e4 d5 2. exd5 Qxd5 3. Nc3 Qd8 4. Nf3 Nf6 5. Be2 Nc6 6. O-O e6 7. d4 Be7 8.
h3 O-O 9. Be3 b6 10. Qd2 Bb7 11. a3 Nb8 12. Rfd1 Nd5 13. Nxd5 Bxd5 14. c4 Bb7
15. Ne1 Nd7 16. Bf3 Bxf3 17. Nxf3 Nf6 18. Qc2 h6 19. b4 a5 20. b5 c6 21. Ne5
cxb5 22. Nc6 Qc7 23. Nxe7+ Qxe7 24. cxb5 Rac8 25. Qd3 Qb7 26. f3 Nd5 1/2-1/2

[Event "BW 2018 Senioren"]
[Site "Bad Woerishofen"]
[Date "2018.03.03"]
[Round "9.52"]
[White "Gepting, Konrad"]
[Black "Eigenmann, Christina"]
[Result "0-1"]
[WhiteElo "1525"]
[BlackElo "1732"]
[Annotator "chessorg"]
[PlyCount "114"]
[EventDate "2018.??.??"]
[WhiteTeam "SF Taunus"]

1. b3 d5 2. e3 e5 3. Bb2 Bd6 4. h3 Be6 5. Nf3 Nd7 6. Nc3 c6 7. g4 f6 8. a3 Ne7
9. d3 Qc7 10. d4 e4 11. Nd2 O-O-O 12. b4 (12. h4 Rhf8) 12... Rhf8 13. Nb3 b6
14. Ba6+ Kb8 15. b5 f5 16. Qe2 fxg4 17. hxg4 Nf6 18. Rg1 Ng6 19. bxc6 Bc8 20.
Bxc8 Rxc8 21. Nb5 Qxc6 22. Nxd6 Qxd6 23. O-O-O Ne8 24. Kb1 Nc7 25. Ka2 h6 26.
Rb1 Qh2 27. Rgf1 Rf6 28. a4 Rcf8 29. Qd2 R8f7 30. a5 Ne7 31. axb6 Rxb6 32. Nc5
Nc6 33. Ba3 Kc8 34. Rxb6 axb6 35. Na4 Nb5 36. Nxb6+ Kd8 37. c4 Nxa3 38. Kxa3
Ra7+ 39. Kb2 dxc4 40. Kb1 Qb8 41. Qb2 Rb7 42. Kc1 Rxb6 43. Qa2 Rb3 44. Rd1 c3
45. Re1 Qb4 46. Re2 Qb5 47. d5 Na5 48. f4 Rb2 49. Rxb2 Qxb2+ 50. Qxb2 cxb2+ 51.
Kxb2 Nc4+ 52. Kc3 Nxe3 53. Kd4 Nxg4 54. Kxe4 h5 55. Kf5 g6+ 56. Kg5 Ne3 57. d6
Kd7 0-1

[Event "BW 2018 Senioren"]
[Site "Bad Woerishofen"]
[Date "2018.03.03"]
[Round "9.54"]
[White "Braeu, Emmi"]
[Black "Erdmann, Wolfgang"]
[Result "1-0"]
[WhiteElo "1519"]
[BlackElo "1731"]
[Annotator "chessorg"]
[PlyCount "51"]
[EventDate "2018.??.??"]
[WhiteTeam "SK Marktoberdorf"]
[BlackTeam "SC Roter Turm Altstadt"]

1. Nf3 d5 2. c4 c6 3. b3 e6 4. Bb2 Nf6 5. g3 Bd6 6. Bg2 Nbd7 7. Nc3 O-O 8. d4
Qe7 9. O-O b6 10. Rc1 Bb7 11. cxd5 exd5 12. Qd3 Qd8 13. Rfe1 Re8 14. Nd2 c5 15.
e4 dxe4 16. Ndxe4 Nxe4 17. Nxe4 Bf8 18. Rcd1 Qc7 19. Ng5 g6 20. Qc4 Nf6 21. d5
Bg7 22. d6 Rxe1+ 23. Rxe1 Qd7 24. Re7 Qf5 25. Qxf7+ Kh8 26. Qxg7# 1-0